000 00628nam a2200229Ia 4500
003 OSt
005 20230617112327.0
008 210423s2013 xx 000 0 und d
020 _a978-81-265-1146-4
040 _cAL
041 _aeng
082 _a547.2 WARO
100 _aWARREN (Stuart)
_9106000
245 _aOrganic synthesis: the disconnection approach
260 _aNew Delhi
_bWiley India Pvt Ltd
_c2013
300 _axii,391p
_bPB
365 _b455
_cINR
650 _aChemistry
_9106001
650 _aOrganic Chemistry
_9106002
906 _aapproach ; disconnection ; Organic ; synthesis:
942 _2ddc
_cBK
999 _c166460
_d166460